Top 500 Baby Girl Names in the USA for 2020 - Statistics

General Stats
  • This quiz has been taken 136 times
  • The average score is 204 of 500
Answer Stats
Answer % Correct
1 O Olivia
98%
115 E Eliza
93%
18 E Emily
91%
2 E Emma
91%
16 E Elizabeth
88%
15 E Ella
88%
123 M Mary
88%
68 A Anna
86%
4 C Charlotte
86%
370 E Elle
86%
29 E Ellie
86%
230 A Alexa
84%
6 A Amelia
84%
3 A Ava
84%
469 E Eve
84%
39 H Hannah
84%
157 I Isabel
84%
17 S Sofia
84%
5 S Sophia
84%
482 A Ari
81%
27 A Aria
81%
28 G Grace
81%
7 I Isabella
81%
138 A Alexandra
79%
399 J Jessica
79%
229 L Lilly
79%
36 L Lily
79%
109 M Maria
79%
90 S Samantha
79%
183 S Sara
79%
34 V Victoria
79%
26 C Chloe
77%
263 J Jane
77%
357 L Laura
77%
474 M Maddison
77%
23 M Madison
77%
112 R Rose
77%
40 Z Zoe
77%
12 A Abigail
74%
215 A Amy
74%
93 E Eva
74%
108 J Julia
74%
136 K Katherine
74%
8 M Mia
74%
37 V Violet
74%
76 A Alice
72%
153 A Ashley
72%
177 G Georgia
72%
57 I Ivy
72%
431 J Jennifer
72%
410 K Kate
72%
291 L Lia
72%
50 L Lucy
72%
190 M Millie
72%
444 A Amanda
70%
439 A Angel
70%
124 A Arianna
70%
481 K Katie
70%
132 K Kylie
70%
237 L Lola
70%
86 S Sarah
70%
429 A Allie
67%
63 B Bella
67%
267 C Catherine
67%
419 C Charli
67%
232 L Lauren
67%
349 M Melissa
67%
20 M Mila
67%
266 N Nicole
67%
25 P Penelope
67%
75 S Sophie
67%
47 A Addison
65%
289 A Annie
65%
103 C Clara
65%
88 C Cora
65%
245 D Diana
65%
9 E Evelyn
65%
127 I Iris
65%
24 L Layla
65%
205 L Leila
65%
126 M Margaret
65%
51 N Natalie
65%
30 N Nora
65%
226 R Rachel
65%
48 W Willow
65%
32 Z Zoey
65%
309 A Alexis
63%
414 A Alicia
63%
79 A Ariana
63%
427 A Averie
63%
19 A Avery
63%
77 G Gabriella
63%
228 L Lila
63%
14 L Luna
63%
33 R Riley
63%
80 A Allison
60%
71 C Caroline
60%
44 I Isla
60%
215 K Kayla
60%
118 L Lyla
60%
292 M Maggie
60%
61 M Maya
60%
173 M Molly
60%
113 A Arya
58%
122 C Charlie
58%
418 F Frances
58%
207 G Gracie
58%
10 H Harper
58%
306 J Juliet
58%
271 L Lena
58%
46 L Lillian
58%
96 M Madeline
58%
327 N Nina
58%
249 R Rebecca
58%
78 S Sadie
58%
42 S Stella
58%
251 A Angela
56%
172 B Bailey
56%
236 B Brooke
56%
143 D Daisy
56%
148 E Esther
56%
319 E Evie
56%
330 G Gia
56%
81 H Hailey
56%
479 H Holly
56%
185 K Kimberly
56%
45 L Leah
56%
102 R Rylee
56%
352 R Rylie
56%
209 V Vanessa
56%
185 A Ada
53%
199 A Alyssa
53%
244 A Ana
53%
145 B Brianna
53%
263 C Camilla
53%
58 C Claire
53%
55 E Elena
53%
358 G Gabrielle
53%
203 H Hope
53%
121 I Isabelle
53%
97 J Jade
53%
270 J Julianna
53%
393 L Lana
53%
240 L Lilah
53%
195 M Morgan
53%
195 O Olive
53%
74 R Ruby
53%
242 S Selena
53%
144 V Valerie
53%
101 V Vivian
53%
290 A Angelina
51%
220 A Annabelle
51%
22 E Eleanor
51%
212 E Elise
51%
133 E Elliana
51%
140 J Jasmine
51%
314 K Kendall
51%
227 L Laila
51%
66 M Madelyn
51%
336 M Michelle
51%
484 M Mira
51%
85 N Natalia
51%
253 P Phoebe
51%
469 R Rosie
51%
421 S Serena
51%
166 S Sienna
51%
151 S Summer
51%
162 T Taylor
51%
56 A Aubrey
49%
60 A Audrey
49%
477 C Charleigh
49%
447 D Danielle
49%
294 F Fiona
49%
31 H Hazel
49%
134 J Josie
49%
180 J Juliette
49%
182 J June
49%
105 M Melanie
49%
243 M Mya
49%
38 N Nova
49%
391 O Ophelia
49%
91 P Piper
49%
84 Q Quinn
49%
159 R Ryleigh
49%
447 S Scarlet
49%
436 S Stephanie
49%
387 V Veronica
49%
65 A Aaliyah
47%
206 A Alana
47%
149 A Andrea
47%
35 A Aurora
47%
487 D Danna
47%
137 E Eloise
47%
233 E Elsie
47%
396 E Esme
47%
455 F Francesca
47%
13 G Gianna
47%
374 H Hallie
47%
426 H Helen
47%
87 J Josephine
47%
117 K Kaylee
47%
489 K Kora
47%
119 M Mackenzie
47%
397 M Madeleine
47%
280 M Mckenzie
47%
219 R Ruth
47%
217 Z Zara
47%
320 A Alexandria
44%
142 A Amara
44%
434 C Carmen
44%
413 D Daniella
44%
53 E Eliana
44%
390 E Elianna
44%
41 E Emilia
44%
43 E Everly
44%
322 G Gabriela
44%
436 J Jordan
44%
491 K Kyla
44%
95 L Lydia
44%
480 M Madelynn
44%
326 M Madilyn
44%
417 P Paris
44%
198 R Rosalie
44%
67 S Savannah
44%
241 S Sydney
44%
272 A Adelaide
42%
99 A Adeline
42%
82 A Autumn
42%
54 B Brooklyn
42%
165 C Callie
42%
275 C Charlee
42%
70 D Delilah
42%
257 E Evangeline
42%
135 F Faith
42%
178 F Freya
42%
395 J Joy
42%
161 K Khloe
42%
477 M Matilda
42%
268 M Miriam
42%
73 V Valentina
42%
305 A Adriana
40%
440 A Alison
40%
202 A Arabella
40%
200 A Ariel
40%
420 B Bianca
40%
328 E Evelynn
40%
189 J Juliana
40%
160 L Lucia
40%
498 M Maia
40%
106 M Melody
40%
468 N Nadia
40%
83 N Nevaeh
40%
188 A Aliyah
37%
156 A Aubree
37%
100 B Brielle
37%
11 C Camila
37%
265 C Camille
37%
147 C Cecilia
37%
472 E Edith
37%
382 F Felicity
37%
214 K Kamila
37%
435 K Kayleigh
37%
193 L London
37%
233 M Margot
37%
52 N Naomi
37%
276 P Paige
37%
457 P Poppy
37%
388 S Sabrina
37%
246 V Vera
37%
170 A Alina
35%
346 A Arielle
35%
107 A Athena
35%
131 A Ayla
35%
222 B Blake
35%
231 D Daniela
35%
155 E Emerson
35%
372 E Everlee
35%
94 E Everleigh
35%
169 G Genevieve
35%
256 J Joanna
35%
171 J Juniper
35%
72 K Kennedy
35%
307 K Kiara
35%
365 L Lexi
35%
344 L Lilliana
35%
494 N Nia
35%
49 P Paisley
35%
128 P Parker
35%
467 S Skye
35%
64 S Skylar
35%
277 T Tessa
35%
350 W Willa
35%
139 A Amaya
33%
283 A Amira
33%
154 A Ariella
33%
333 B Brynn
33%
490 C Cameron
33%
450 C Carolina
33%
410 C Cassidy
33%
354 D Dahlia
33%
130 E Eden
33%
187 E Ember
33%
342 F Fatima
33%
443 J Jacqueline
33%
488 K Kaitlyn
33%
272 L Lucille
33%
173 M Maeve
33%
277 M Mckenna
33%
150 V Valeria
33%
158 A Anastasia
30%
164 E Emersyn
30%
111 H Hadley
30%
175 H Harmony
30%
422 H Hattie
30%
422 H Heaven
30%
301 J Jayla
30%
269 J Jocelyn
30%
163 L Londyn
30%
410 M Maisie
30%
345 M Makenzie
30%
260 M Malia
30%
436 M Maren
30%
272 M Mariana
30%
238 S Sawyer
30%
262 B Brooklynn
28%
459 C Celine
28%
347 D Destiny
28%
208 G Gemma
28%
62 G Genesis
28%
286 H Harley
28%
381 H Heidi
28%
317 L Logan
28%
455 M Maci
28%
302 M Mariah
28%
211 M Marley
28%
247 N Nyla
28%
218 P Payton
28%
98 P Peyton
28%
114 R Reagan
28%
442 R Rosemary
28%
223 S Sage
28%
350 S Samara
28%
463 S Skyler
28%
181 S Sloane
28%
304 T Thea
28%
315 W Winter
28%
330 A Amina
26%
335 B Blair
26%
297 B Briella
26%
445 E Emory
26%
332 G Giselle
26%
312 H Haven
26%
341 I Izabella
26%
59 K Kinsley
26%
92 L Leilani
26%
462 L Liana
26%
110 L Liliana
26%
428 M Mabel
26%
210 N Noelle
26%
152 N Norah
26%
21 S Scarlett
26%
69 S Serenity
26%
336 T Talia
26%
360 W Wren
26%
129 X Ximena
26%
407 C Camryn
23%
352 C Celeste
23%
313 D Delaney
23%
394 E Esmeralda
23%
321 G Gracelyn
23%
323 H Harlow
23%
193 J Jordyn
23%
300 K Kaia
23%
461 K Kamryn
23%
466 K Keira
23%
368 K Kenzie
23%
385 K Kira
23%
405 L Luciana
23%
408 L Lyric
23%
402 M Makenna
23%
464 M Maliyah
23%
277 M Myla
23%
334 O Octavia
23%
379 P Paislee
23%
416 R Raven
23%
125 R Remi
23%
496 R Remy
23%
184 R River
23%
255 R Rowan
23%
238 A Adelyn
21%
338 A Alaya
21%
309 A Aniyah
21%
224 A Aspen
21%
449 A Astrid
21%
191 B Brynlee
21%
296 C Cali
21%
415 D Daphne
21%
89 E Emery
21%
297 H Hayden
21%
475 J Jolene
21%
253 K Kali
21%
433 K Kinley
21%
365 L Lainey
21%
484 L Leona
21%
325 M Makayla
21%
285 P Phoenix
21%
450 R Ryan
21%
260 V Vivienne
21%
354 A Ainsley
19%
280 A Alayah
19%
368 A Alessandra
19%
329 A Amari
19%
382 A Anaya
19%
168 B Blakely
19%
179 C Catalina
19%
338 D Demi
19%
497 D Dylan
19%
201 F Finley
19%
311 G Gracelynn
19%
378 G Gwendolyn
19%
292 J Journey
19%
402 N Nylah
19%
213 P Presley
19%
371 R Raelyn
19%
458 R Rory
19%
409 V Viviana
19%
235 Z Zuri
19%
359 A Adelynn
16%
493 A Armani
16%
380 A Avianna
16%
362 B Brinley
16%
386 C Cataleya
16%
257 D Dakota
16%
430 M Marlee
16%
376 M Miracle
16%
284 O Oakley
16%
259 R Raegan
16%
104 R Raelynn
16%
145 R Reese
16%
361 R Remington
16%
192 T Teagan
16%
375 W Wynter
16%
287 A Adaline
14%
140 A Adalyn
14%
440 A Annalise
14%
482 A Azalea
14%
491 B Bristol
14%
377 D Daleyza
14%
486 E Elliott
14%
204 J Journee
14%
167 K Kehlani
14%
400 L Leighton
14%
316 L Lilith
14%
476 M Meadow
14%
432 R Regina
14%
356 R Reign
14%
302 S Saylor
14%
452 S Shiloh
14%
225 T Trinity
14%
116 A Adalynn
12%
363 A Amora
12%
389 A Aylin
12%
250 E Elaina
12%
294 L Leia
12%
299 L Lennon
12%
176 M Magnolia
12%
288 M Milani
12%
465 N Noa
12%
197 A Alaina
9%
248 A Alayna
9%
252 A Alivia
9%
318 A Amiyah
9%
446 B Braelynn
9%
364 C Collins
9%
405 D Dream
9%
373 H Haisley
9%
397 K Kalani
9%
422 N Nayeli
9%
308 O Oaklynn
9%
425 S Selah
9%
404 S Stevie
9%
323 S Sutton
9%
343 T Tatum
9%
120 A Alaia
7%
220 A Alani
7%
499 D Dior
7%
282 K Kailani
7%
500 L Legacy
7%
494 M Malani
7%
391 R Royalty
7%
472 S Sarai
7%
452 E Emelia
5%
454 K Kensley
5%
348 P Palmer
5%
469 A Addilyn
2%
365 A Aitana
2%
382 A Ariyah
2%
340 K Kaylani
2%
459 Z Zariah
2%
400 A Ariah
0%
No matching quizzes found
Score Distribution
Percent of People with Each Score
Percentile by Number Answered
Your Score History
You have not taken this quiz